- Zwerger, Lisbeth
Entry Nombre Personal
001 - NUMERO DE CONTROL
- campo de control: 50042
003 - IDENTIFICADOR DE NUMERO DE CONTROL
- campo de control: DLC
005 - FECHA Y HORA DE LA ÜLTIMA TRANSACCIÓN
- campo de control: 20230921154537.0
008 - DATOS DE LONGITUD FIJA
- campo de control de longitud fija: 790131nn acnnnaabn b aaa
010 ## - NÚMERO DE CONTROL DE LA BIBLIOTECA DEL CONGRESO
- Número de control LC: n 79008401
035 ## - NUMERO DE CONTROL
- Número de control: (OCoLC)oca00242515
040 ## - FUENTE DE CATALOGACIÓN
- Agencia original de catalogación: DLC
- Lenguaje de catalogación: spa
- Description conventions: rda
- Agencia de transcripción: DLC
- Agencia que lo modifica: DLC
- Agencia que lo modifica: Uk
- Agencia que lo modifica: OCl
- Agencia que lo modifica: OCoLC
- Agencia que lo modifica: IlMpPL
- Agencia que lo modifica: NN
- Agencia que lo modifica: OCoLC
- Agencia que lo modifica: MX-MxUPN
046 ## - FECHAS CON CODIFICACIÓN ESPECIAL
- Fecha de nacimiento: 1954-05-26
- Fuente del formato de fecha: edtf
100 1# - ENCABEZAMIENTO - NOMBRE PERSONAL
- Nombre personal: Zwerger, Lisbeth
370 ## - LUGAR ASOCIADO
- Place of birth: Vienna (Austria)
- Fuente del término: naf
374 ## - OCUPACIÓN
- Occupation: Ilustradores
- Fuente del término: bgtq
400 1# - VEÁSE - NOMBRE DE PERSONA
- Personal name: Zwerger, L.
- Fuller form of name: (Lisbeth)
670 ## - FUENTE EN LA QUE SE LOCALIZARON DATOS
- Cita de la fuente: Hansel and Gretel, 1979 :
- Información localizada: portada (Lisbeth Zwerger)
670 ## - FUENTE EN LA QUE SE LOCALIZARON DATOS
- Cita de la fuente: The nutcracker, 1983, c1979:
- Información localizada: CIP portada (Lisbeth Zwerger) CIP hoja de datos (nac. 5/26/54)
670 ## - FUENTE EN LA QUE SE LOCALIZARON DATOS
- Cita de la fuente: Der Zauberer von Oz, c1996:
- Información localizada: portada (Lisbeth Zwerger; illustrator) lomo (L. Zwerger)
670 ## - FUENTE EN LA QUE SE LOCALIZARON DATOS
- Cita de la fuente: Das Geschenk der Weisen, 2011, ©1982:
- Información localizada: portada (mit Bildern von Lisbeth Zwerger) nota biográfica (Lisbeth Zwerger; born 1954, Vienna, Austria; studied at the Universität für Angewandte Kunst Wien, Vienna; resides in Austria and England, working as a freelance artist)
670 ## - FUENTE EN LA QUE SE LOCALIZARON DATOS
- Cita de la fuente: Los salvadores del país, c1992:
- Información localizada: portada (Lisbeth Zwerger)
902 ## - CATALOGADOR
- Catalogador: VíctorGodínez/210923
